Uplatňovanie princípov corporate governance v Slovenskej republike

Téma corporate governance (správa podniku) sa stala aktuálnou v prostredí našej transformujúcej sa ekonomiky, najmä od polovice 90. rokov minulého storočia. Zhodnotenie súčasného stavu uplatňovania prinícpov správy podniku v Slovenskej republike. Prijatie koninentálneho európskeho modelu správy podn...

ver descrição completa

Na minha lista:
Detalhes bibliográficos
Autor principal: Okruhlica, František
Formato: Capítulo de Livro
Idioma:eslovaco
Assuntos:
Tags: Adicionar Tag
Sem tags, seja o primeiro a adicionar uma tag!

MARC

LEADER 00000naa$a2200000$$$4500
001 0018171
005 20240502071404.8
041 0 |a slo 
044 |a SK 
245 1 0 |a Uplatňovanie princípov corporate governance v Slovenskej republike  |c František Okruhlica 
520 |a Téma corporate governance (správa podniku) sa stala aktuálnou v prostredí našej transformujúcej sa ekonomiky, najmä od polovice 90. rokov minulého storočia. Zhodnotenie súčasného stavu uplatňovania prinícpov správy podniku v Slovenskej republike. Prijatie koninentálneho európskeho modelu správy podniku, ktorý je charakterizovaný aj ako duálny s predstavenstvom a dozornou radou. Preskúmanie predstavenstva z pohľadu jeho kompetencií. Dozorná rada je orgánom podniku s najširšou kontrolnou pôsobnosťou. 
610 2 0 |a správa podniku 
610 2 0 |a spoločnosti akciové 
610 2 0 |a Slovensko 
610 2 0 |a predstavenstvo 
610 2 0 |a rady dozorné 
610 2 0 |a rady správne 
610 2 0 |a kompetencie 
100 1 |a Okruhlica, František